uBuntu and the law : (Record no. 120576)
[ view plain ]
| 000 -LEADER | |
|---|---|
| fixed length control field | 02357cam a2200361 a 4500 |
| 001 - CONTROL NUMBER | |
| control field | 16943849 |
| 003 - CONTROL NUMBER IDENTIFIER | |
| control field | ARRUPE |
| 005 - DATE AND TIME OF LATEST TRANSACTION | |
| control field | 20140530110316.0 |
| 008 - FIXED-LENGTH DATA ELEMENTS--GENERAL INFORMATION | |
| fixed length control field | 110901s2012 nyu b 001 0 eng |
| 010 ## - LIBRARY OF CONGRESS CONTROL NUMBER | |
| LC control number | 2011037015 |
| 020 ## - INTERNATIONAL STANDARD BOOK NUMBER | |
| International Standard Book Number | 9780823233823 (cloth : alk. paper) |
| 040 ## - CATALOGING SOURCE | |
| Original cataloging agency | DLC |
| Transcribing agency | DLC |
| Modifying agency | DLC |
| 042 ## - AUTHENTICATION CODE | |
| Authentication code | pcc |
| 043 ## - GEOGRAPHIC AREA CODE | |
| Geographic area code | f-sa--- |
| 050 00 - LIBRARY OF CONGRESS CALL NUMBER | |
| Classification number | KTL440 |
| Item number | .U28 2012 |
| 082 00 - DEWEY DECIMAL CLASSIFICATION NUMBER | |
| Classification number | 349.68 |
| Edition number | 23 |
| 300 ## - PHYSICAL DESCRIPTION | |
| Dimensions | 24 cm. |
| 245 00 - TITLE STATEMENT | |
| Title | uBuntu and the law : |
| Remainder of title | African ideals and postapartheid jurisprudence / |
| Statement of responsibility, etc | edited by Drucilla Cornell and Nyoko Muvangua. |
| 250 ## - EDITION STATEMENT | |
| Edition statement | 1st ed. |
| 260 ## - PUBLICATION, DISTRIBUTION, ETC. (IMPRINT) | |
| Place of publication, distribution, etc | New York : |
| Name of publisher, distributor, etc | Fordham University Press, |
| Date of publication, distribution, etc | 2012. |
| 300 ## - PHYSICAL DESCRIPTION | |
| Extent | xii, 466 p. ; |
| 490 0# - SERIES STATEMENT | |
| Series statement | Just Ideas |
| 504 ## - BIBLIOGRAPHY, ETC. NOTE | |
| Bibliography, etc | Includes bibliographical references (p. [405]-451) and index. |
| 505 00 - FORMATTED CONTENTS NOTE | |
| Formatted contents note | uBuntu, restorative justice, and the constitutional court -- uBuntu under the interim constitution: life, death, and uBuntu -- Horizontality, reconciliation, and uBuntu -- Amnesty, reconciliation, and uBuntu -- uBuntu, socioeconomic rights, and personhood -- uBuntu and entitlement -- uBuntu and key aspects of living : customary law -- uBuntu and the right to culture -- Towards the liberation and revitalization of customary law / Albie Sachs -- uBuntu and the law in South Africa / Yvonne Mokgoro -- A call for a nuanced constitutional jurisprudence : South Africa, uBuntu, dignity, and reconciliation / Drucilla Cornell -- Doing things with values : the case of uBuntu / Irma J. Kroeze -- Exploring uBuntu : tentative reflections / Drucilla Cornell and Karin van Marle -- Some thoughts on the uBuntu jurisprudence of the Constitutional Court / Narnia Bohler-Müller -- The reemergence of uBuntu : a critical analysis / Thino Bekker -- African customary law in South Africa : the many faces of Bhe v. Magistrate Khayelitsha / Chuma Himonga. |
| 650 #0 - SUBJECT ADDED ENTRY--TOPICAL TERM | |
| Topical term or geographic name as entry element | Law |
| Geographic subdivision | South Africa |
| General subdivision | Philosophy. |
| 9 (RLIN) | 10475 |
| 650 #0 - SUBJECT ADDED ENTRY--TOPICAL TERM | |
| Topical term or geographic name as entry element | Post-apartheid era |
| Geographic subdivision | South Africa. |
| 9 (RLIN) | 10476 |
| 650 #0 - SUBJECT ADDED ENTRY--TOPICAL TERM | |
| Topical term or geographic name as entry element | Customary law |
| Geographic subdivision | South Africa. |
| 9 (RLIN) | 10477 |
| 650 #0 - SUBJECT ADDED ENTRY--TOPICAL TERM | |
| Topical term or geographic name as entry element | Ubuntu (Philosophy) |
| 9 (RLIN) | 10478 |
| 700 1# - ADDED ENTRY--PERSONAL NAME | |
| Personal name | Muvangua, Nyoko. |
| 9 (RLIN) | 10479 |
| 700 1# - ADDED ENTRY--PERSONAL NAME | |
| Personal name | Cornell, Drucilla. |
| 9 (RLIN) | 10480 |
| 906 ## - LOCAL DATA ELEMENT F, LDF (RLIN) | |
| a | 7 |
| b | cbc |
| c | orignew |
| d | 1 |
| e | ecip |
| f | 20 |
| g | y-gencatlg |
| 942 ## - ADDED ENTRY ELEMENTS (KOHA) | |
| Source of classification or shelving scheme | Library of Congress Classification |
| Koha item type | Monograph ( Printed materials) |
| Withdrawn status | Lost status | Source of classification or shelving scheme | Damaged status | Not for loan | Collection code | Home library | Current library | Shelving location | Date acquired | Total Checkouts | Full call number | Barcode | Date last seen | Date checked out | Price effective from | Koha item type |
|---|---|---|---|---|---|---|---|---|---|---|---|---|---|---|---|---|
| Library of Congress Classification | Main Collection | ARRUPE LIBRARY | ARRUPE LIBRARY | Main Collection | 30/05/2014 | 10 | KTL440 .U28 2012 | 46500000678 | 12/02/2024 | 13/01/2024 | 30/05/2014 | Monograph ( Printed materials) |